Online
Catalog

Las condiciones de salud en las américas / (Record no. 22678)

MARC details
000 -CABECERA
campo de control de longitud fija 01249nam a2200289 a 4500
001 - NÚMERO DE CONTROL
campo de control 000023181
005 - FECHA Y HORA DE LA ÚLTIMA TRANSACCIÓN
campo de control 20200930022036.0
008 - DATOS DE LONGITUD FIJA--INFORMACIÓN GENERAL
campo de control de longitud fija 101130s1994 xx d 000 0 spa d
020 ## - NÚMERO INTERNACIONAL ESTÁNDAR DEL LIBRO
Número Internacional Estándar del Libro 9275315493
040 ## - FUENTE DE LA CATALOGACIÓN
Centro catalogador/agencia de origen DO-SdBNP
Lengua de catalogación spa
Centro/agencia transcriptor BNPHU
082 ## - NÚMERO DE LA CLASIFICACIÓN DECIMAL DEWEY
Número de clasificación 614
Número de documento/Ítem O68c
110 1# - ENTRADA PRINCIPAL--NOMBRE DE ENTIDAD CORPORATIVA
Nombre de entidad corporativa o nombre de jurisdicción como elemento de entrada Organización Panamericana de la Salud
9 (RLIN) 1055
240 10 - TÍTULO UNIFORME
Título uniforme Health conditions in the americas.
Lenguaje de la obra Español.
245 14 - MENCIÓN DE TÍTULO
Título Las condiciones de salud en las américas /
Mención de responsabilidad, etc. Organización Panamericana de la Salud ; prólogo de Carlyle Guerra de Macedo.
260 ## - PUBLICACIÓN, DISTRIBUCIÓN, ETC.
Lugar de publicación, distribución, etc. Washington, D.C. :
Nombre del editor, distribuidor, etc. OPS,
Fecha de publicación, distribución, etc. 1994.
300 ## - DESCRIPCIÓN FÍSICA
Extensión v. ; :
Otras características físicas diagramas ;
Dimensiones 28 cm.
490 1# - MENCIÓN DE SERIE
Mención de serie Publicación Científica
Designación de volumen o secuencia 549
500 ## - NOTA GENERAL
Nota general La biblioteca posee el volumen 1 y 2.
504 ## - NOTA DE BIBLIOGRAFÍA, ETC.
Nota de bibliografía, etc. Incluye referencias bibliográficas y notas al pie de las páginas.
534 ## - NOTA SOBRE LA VERSIÓN ORIGINAL
Encabezamiento principal del original Publicada también en inglés (1994) con el título:
Mención de título del original Health conditions in the americas.
650 #4 - PUNTO DE ACCESO ADICIONAL DE MATERIA--TÉRMINO DE MATERIA
Término de materia o nombre geográfico como elemento de entrada Salud pública
Subdivisión general Estadísticas
9 (RLIN) 45364
650 #4 - PUNTO DE ACCESO ADICIONAL DE MATERIA--TÉRMINO DE MATERIA
Término de materia o nombre geográfico como elemento de entrada Población
Subdivisión general Estadísticas
Subdivisión cronológica 1973-1976
9 (RLIN) 47724
650 #4 - PUNTO DE ACCESO ADICIONAL DE MATERIA--TÉRMINO DE MATERIA
Término de materia o nombre geográfico como elemento de entrada América norte
Subdivisión general Población
-- Estadística
9 (RLIN) 47725
650 #4 - PUNTO DE ACCESO ADICIONAL DE MATERIA--TÉRMINO DE MATERIA
Término de materia o nombre geográfico como elemento de entrada América del sur
Subdivisión general Población
-- Estadística
9 (RLIN) 47726
700 1# - PUNTO DE ACCESO ADICIONAL--NOMBRE DE PERSONA
Nombre de persona Guerra de Macedo, Carlyle,
Término indicativo de función/relación pról.
9 (RLIN) 47727
830 #0 - PUNTO DE ACCESO ADICIONAL DE SERIE-TÍTULO UNIFORME
Título uniforme Publicación Científica ;
Número de parte o sección de la obra 549
9 (RLIN) 47728
Holdings
Estado de retiro Estado de pérdida Restricciones de uso No para préstamo Código de colección Localización permanente Ubicación/localización actual Ubicación en estantería Fecha de adquisición Número de inventario Total de préstamos Signatura topográfica completa Código de barras Fecha visto por última vez Precio válido a partir de Tipo de ítem Koha
      Excluido de préstamo Monografías: Libros y Folletos General General Depósito 30.11.2010 LF1   v. 1 23181-10 25.06.2020 25.06.2020 No se presta
      Excluido de préstamo Monografías: Libros y Folletos General General Depósito 30.11.2010 LF1   v. 2 23181-20 25.06.2020 25.06.2020 No se presta
  Extraviado   Excluido de préstamo Monografías: Libros y Folletos General General Extraviado 06.06.2017 LF1   614 O68c 23181-30 25.06.2020 25.06.2020 No se presta

Powered by Koha